000 00928nam0a22002771 4500
001 v19\rc\1732135
005 20250619043853.0
035 _a(NLR Aleph) 004827322
090 _a5073144
_c5073144
100 _a20061002d1901 |||y0rusy50 ca
101 0 _arus
102 _aRU
105 _ay z |||||
200 1 _aПраздник св. Тройцы в Красностокском женском монастыре
210 _aГродна
_cГуб. тип.
_d1901
215 _a11 с.
300 _aВ конце текста: К-ий
532 1 2 _aПраздник святой Тройцы в Красностокском женском монастыре
701 1 _aК-ий
712 0 2 _aКрасностокский женский монастырь
801 0 _aRU
_bNLR
_gpsbo
801 0 _aRU
_bRuMoRGB
_2psbo
801 1 _aRU
_bProSoft-M
_2rusmarc
852 _aNLR
_j18.334.2.324
942 _cBOOK
980 _aNB